000 00297nam a22001337a 4500
008 170131b xxu||||| |||| 00| 0 eng d
020 _a9789951437424
041 _aeng
080 _a61
100 _a2
101 _aINF
245 _aBAZAT THEMELORE TE INFERMIERISE
_cLENJANI, B
942 _2udc
_cBK
999 _c4168
_d4168